Loading...
| Fine Arts - Classical Music | 0 | 9 | 0 | 0 | 90 | 59 | 105.11 | 2 | 9 | 0.00 | 0.00 |
| History - Other | 0 | 6 | 0 | 0 | 60 | 47 | 72.67 | 4 | 6 | 0.00 | 0.00 |
| History - European | 0 | 3 | 1 | 0 | 25 | 88 | 93.67 | 0 | 1 | 0.00 | 0.00 |
| History - World | 0 | 3 | 1 | 1 | 25 | 54 | 94.67 | 1 | 3 | 0.00 | 0.00 |
| Fine Arts - Other | 0 | 3 | 1 | 0 | 25 | 82 | 96.33 | 1 | 3 | 0.00 | 0.00 |
| Literature - European | 0 | 2 | 0 | 1 | 20 | 109 | 126.50 | 0 | 2 | 0.00 | 0.00 |
| Geography | 0 | 2 | 0 | 0 | 20 | 106 | 106.50 | 0 | 2 | 0.00 | 0.00 |
| History - American | 0 | 2 | 0 | 0 | 20 | 60 | 79.00 | 2 | 2 | 0.00 | 0.00 |
| Science - Other | 0 | 2 | 0 | 1 | 20 | 78 | 103.00 | 0 | 2 | 0.00 | 0.00 |
| Fine Arts - Painting and Sculpture | 0 | 1 | 0 | 0 | 10 | 151 | 151.00 | 0 | 1 | 0.00 | 0.00 |
| Other Academic | 0 | 1 | 0 | 0 | 10 | 61 | 61.00 | 0 | 1 | 0.00 | 0.00 |
| Science - Chemistry | 0 | 1 | 0 | 1 | 10 | 117 | 117.00 | 0 | 1 | 0.00 | 0.00 |
| Social Science | 0 | 1 | 0 | 1 | 10 | 121 | 121.00 | 0 | 1 | 0.00 | 0.00 |
| Religion | 0 | 2 | 2 | 2 | 10 | 126 | 128.00 | 1 | 2 | 0.00 | 0.00 |
| Science - Biology | 0 | 1 | 0 | 0 | 10 | 114 | 114.00 | 0 | 1 | 0.00 | 0.00 |
| Mythology | 0 | 1 | 1 | 1 | 5 | 131 | 131.00 | 0 | 1 | 0.00 | 0.00 |
| Philosophy | 0 | 1 | 2 | 0 | 0 | 127 | 127.00 | 1 | 1 | 0.00 | 0.00 |